000109301 001__ 109301
000109301 005__ 20220104094603.0
000109301 037__ $$aTAZ-TFG-2021-1630
000109301 041__ $$aspa
000109301 1001_ $$aOchoa Ciordia, Miriam
000109301 24200 $$aAn Economic Analysis of Passive Labour Market Policies
000109301 24500 $$aAnálisis Económico de las Políticas Pasivas de Empleo
000109301 260__ $$aZaragoza$$bUniversidad de Zaragoza$$c2021
000109301 506__ $$aby-nc-sa$$bCreative Commons$$c3.0$$uhttp://creativecommons.org/licenses/by-nc-sa/3.0/
000109301 520__ $$aEl presente trabajo nos ayuda a comprender lo que se entiende como políticas de empleo y la tipología<br />existente, como son las políticas activas o pasivas de mercado. Se describen los tipos que existen dentro de<br />cada una de ella, pero nos centramos en las políticas pasivas de trabajo ya que es el objeto principal del<br />trabajo.<br />Seguido de un análisis de estas últimas políticas en el periodo de crisis 2007 – 2015, en el que se analiza el<br />gasto de estas respecto al gasto total en políticas de empleo, el gasto que suponen dentro del Producto<br />Interior Bruto y su relación con la tasa de paro y la tasa de actividad.<br />Para finalizar con un análisis con una visión premonitoria en la que vemos distintos escenarios en los que la<br />actual crisis del Covid-19 puede llevar a las políticas pasivas de empleo a cambiar según tal y como las<br />conocemos.<br /><br />
000109301 521__ $$aGraduado en Relaciones Laborales y Recursos Humanos
000109301 540__ $$aDerechos regulados por licencia Creative Commons
000109301 700__ $$aArbués Gracia, Fernando$$edir.
000109301 7102_ $$aUniversidad de Zaragoza$$bEstructura e Historia Económicas y Economía Pública$$cEconomía Aplicada
000109301 8560_ $$f764581@unizar.es
000109301 8564_ $$s473321$$uhttps://zaguan.unizar.es/record/109301/files/TAZ-TFG-2021-1630.pdf$$yMemoria (spa)
000109301 909CO $$ooai:zaguan.unizar.es:109301$$pdriver$$ptrabajos-fin-grado
000109301 950__ $$a
000109301 951__ $$adeposita:2022-01-04
000109301 980__ $$aTAZ$$bTFG$$cSOCIZ
000109301 999__ $$a20210618112925.CREATION_DATE